Visualizzazione normale
Vista MARC
- Kukulski J.
di Personal Name
Records bibliografici associati: 1
001 - CONTROL NUMBER
- control field: 25046
003 - CONTROL NUMBER IDENTIFIER
- control field: IT-RoPau
005 - DATE AND TIME OF LATEST TRANSACTION
- control field: 20140514173309.0
008 - FIXED-LENGTH DATA ELEMENTS
- fixed length control field: 140514|| aca||aabn | a|a d
040 ## - CATALOGING SOURCE
- Original cataloging agency: IT-RoPau
- Transcribing agency: IT-RoPau
100 ## - HEADING--PERSONAL NAME
- Personal name: Kukulski J.
- Dates associated with a name: Codice autore musica SPICS: 25065
- Relator term: Autore musica
- Name of part/section of a work: Wszystko Lub Nic
670 ## - SOURCE DATA FOUND
- Source citation: Work cat.: (IT-RoPau)99593: AA.VV. 794, Maly Szu (Lp Sx 2507)